书目信息 |
| 题名: |
三江并流区地貌与环境效应
|
|
| 作者: | 明庆忠 编著 | |
| 分册: | ||
| 出版信息: | 北京 科学出版社 2007.30 |
|
| 页数: | ||
| 开本: | 16开 | |
| 丛书名: | ||
| 单 册: | ||
| 中图分类: | X144 | |
| 科图分类: | ||
| 主题词: | 环境地学 | |
| 电子资源: | ||
| ISBN: | 978-7-03-018590-7 | |
| 000 | 00559nam0 2200181 450 | |
| 001 | 0736196517 | |
| 005 | 20070924100316.51 | |
| 010 | @a978-7-03-018590-7@d¥45.00 | |
| 100 | @a20070924d km y0chiy0120 ea | |
| 101 | 0 | @achi |
| 200 | 1 | @a三江并流区地貌与环境效应@Asan jiang bing liu qu di mao yu huan jing xiao ying@f明庆忠 编著@Fming qing zhong bian zhu |
| 210 | @a北京@c科学出版社@d2007.30 | |
| 215 | @d16开 | |
| 606 | 0 | @a环境地学 |
| 690 | @aX144@v3 | |
| 701 | 0 | @a明庆忠@Aming qing zhong@4编著 |
| 801 | 0 | @aCN@bPFT@c20070924 |
| 905 | @a213230@dX144@eZY100@f1 | |
| 三江并流区地貌与环境效应/明庆忠 编著.-北京:科学出版社,2007.30 |
| 16开 |
| ISBN 978-7-03-018590-7:¥45.00 |
| ● |
| 相关链接 |
|
|
|
|
正题名:三江并流区地貌与环境效应
索取号:X144/ZY100
 
预约/预借
| 序号 | 登录号 | 条形码 | 馆藏地/架位号 | 状态 | 备注 |
| 1 | 7901781 | 279017813 | 密集书库-资源管理系/ [索取号:X144/ZY100] | 在馆 |